[Event "Valby K41 Spring-B"]
[Site "Valby"]
[Date "2009.05.05"]
[Round "6"]
[White "Nielsen, Jais Norgaard"]
[Black "Mouritsen, Jan"]
[Result "1-0"]
[WhiteElo "1587"]
[BlackElo "1561"]
[PlyCount "109"]
[EventDate "2009.03.17"]
[EventType "tourn"]
[EventRounds "7"]
[EventCountry "DEN"]
[SourceTitle "EXT 2023"]
[Source "ChessBase"]
[SourceDate "2022.10.05"]
[SourceVersion "1"]
[SourceVersionDate "2022.10.05"]
[SourceQuality "1"]

1. e4 e6 2. Nf3 d5 3. exd5 exd5 4. Bb5+ c6 5. Ba4 Nf6 6. 0-0 Bd6 7. Re1+ Be6 8. Ng5 0-0 9. Rxe6 h6 10. Rxd6 Qxd6 11. Nf3 Nbd7 12. d4 Ne4 13. c3 Ndf6 14. Bc2 Rfe8 15. Nbd2 Ng4 16. Nxe4 dxe4 17. Ne5 Nxe5 18. dxe5 Qxe5 19. Be3 c5 20. Qe2 Rad8 21. Re1 b6 22. g3 Kh8 23. Bf4 Qe6 24. Qxe4 Qxe4 25. Rxe4 Kg8 26. Rxe8+ Rxe8 27. Kf1 g5 28. Be3 Kg7 29. Ke2 Kf6 30. Kd3 h5 31. Kc4 a6 32. b4 cxb4 33. cxb4 Rc8+ 34. Kb3 b5 35. Be4 Ke5 36. Bb7 Rc7 37. Bxa6 f6 38. Bxb5 h4 39. Bc4 Ke4 40. b5 h3 41. b6 Rb7 42. Bb5 Rb8 43. b7 Rd8 44. Ba7 Kf3 45. Bc6+ Ke2 46. b8Q Rxb8+ 47. Bxb8 Kxf2 48. Ba7+ Ke2 49. Bc5 f5 50. a4 f4 51. gxf4 gxf4 52. a5 f3 53. Bxf3+ Kd3 54. a6 Kd2 55. a7 1-0

[Event "Valby K41 Aabent-ch 0809"]
[Site "Valby"]
[Date "2008.12.02"]
[Round "3"]
[White "Nielsen, Jais Norgaard"]
[Black "Sorensen, Hans Erik Them"]
[Result "1-0"]
[WhiteElo "1625"]
[BlackElo "1308"]
[PlyCount "29"]
[EventDate "2008.11.11"]
[EventType "swiss"]
[EventRounds "9"]
[EventCountry "DEN"]
[SourceTitle "EXT 2023"]
[Source "ChessBase"]
[SourceDate "2022.10.05"]
[SourceVersion "1"]
[SourceVersionDate "2022.10.05"]
[SourceQuality "1"]

1. e4 c6 2. d4 d5 3. e5 g6 4. f4 Nh6 5. Nf3 Bg7 6. Bd3 Bf5 7. Bxf5 Nxf5 8. g4 Nh6 9. h3 e6 10. Be3 Nd7 11. Qd2 0-0 12. f5 exf5 13. Bxh6 Re8 14. Bxg7 Kxg7 15. gxf5 1-0